| 000 | 00681cam a2200229 4500 | ||
|---|---|---|---|
| 008 | 090401t1989 xxu||||| |||| 00| 0 eng d | ||
| 020 | _a0406111014 | ||
| 035 | _a(Sirsi) u5019 | ||
| 041 | _aeng | ||
| 050 | _a347.41067 | ||
| 245 | _aConstruction disputes: liability and the expert witness | ||
| 260 |
_aLondon _bButterworths _c1989 |
||
| 300 | _axxi,279p. ; 25cm. | ||
| 350 | _a35 | ||
| 650 | _aMANAGEMENT-DISPUTE AVOIDANCE, MANAGEMENT AND RESOLUTION-DISPUTE MANAGEMENT AND RESOLUTION-ARBITRATION | ||
| 650 | _aBUILDING INDUSTRY | ||
| 650 | _aEXPERT WITNESSES | ||
| 650 | _aOFFICIAL REFEREE | ||
| 700 |
_aBurns, Andrea. _xEditor |
||
| 942 | _n0 | ||
| 948 | _c04/03/1997 | ||
| 999 |
_c86107 _d86107 |
||